00305nam a2200121Ia 4500008004100000082001600041100002300057245004400080250000800124260002600132300000800158650001700166150301s2013 xx 000 0 und d a618.2bE13H aHACKER, NEVILLE F. aESSENTIALS OF OBSTETRICS AND GYNECO,OGY a5TH bELSEVIERaINDIAc2013 a475 aOBST. & GYNE